История военного искусства. Т. 1 (Запись № 8637579)

Подробности
000 -МАРКЕР
контрольное поле 01171nam2a22002411 4500
001 - ИДЕНТИФИКАТОР ЗАПИСИ
контрольное поле rc\4456144
005 - ИДЕНТИФИКАТОР ВЕРСИИ
контрольное поле 20250612090559.0
035 ## - ДРУГИЕ СИСТЕМНЫЕ НОМЕРА
Идентификатор записи (NLR Aleph) 008589908
100 ## - ДАННЫЕ ОБЩЕЙ ОБРАБОТКИ
Данные общей обработки 20130416d19631999|||y0rusy50 ca
101 0# - ЯЗЫК РЕСУРСА
Язык текста, звукозаписи и т.д. русский
102 ## - СТРАНА ПУБЛИКАЦИИ ИЛИ ПРОИЗВОДСТВА
Страна публикации Российская Федерация
105 ## - ПОЛЕ КОДИРОВАННЫХ ДАННЫХ: ТЕКСТОВЫЕ МАТЕРИАЛЫ, МОНОГРАФИЧЕСКИЕ
Кодированные данные о монографическом текстовом документе ab z |||||
200 0# - ЗАГЛАВИЕ И СВЕДЕНИЯ ОБ ОТВЕТСТВЕННОСТИ
Основное заглавие Т. 1
210 ## - ПУБЛИКАЦИЯ, РАСПРОСТРАНЕНИЕ И ДР.
Место издания, распространения и т.д. Москва
Имя издателя, распространителя и т. д. Воениздат
Дата издания, распространения и т.д. 1963-
215 ## - ФИЗИЧЕСКАЯ ХАРАКТЕРИСТИКА
Специфическое обозначение материала и объем 528 с., 4 л. карт.
Другие сведения о физической характеристике ил., карт.
320 ## - ПРИМЕЧАНИЯ О НАЛИЧИИ В ДОКУМЕНТЕ БИБЛИОГРАФИИ / УКАЗАТЕЛЯ
Текст примечания Библиогр.: с. 715-718
461 #0 - УРОВЕНЬ НАБОРА
Встроенное поле 001rc\4456143
-- 2001#$aИстория военного искусства$fПод общ. ред. [и с предисл.] д-ра воен. наук проф. гл. маршала бронетанковых войск П.А. Ротмистрова. Т. 1-2$vТ. 1
Системный номер (АБИС) связанной записи 8637574
Место публикации Москва
Дата публикации 1963-
Первые сведения об ответственности Под общ. ред. [и с предисл.] д-ра воен. наук проф. гл. маршала бронетанковых войск П.А. Ротмистрова. Т. 1-2
Имя издателя, распространителя и т.д. Воениздат
Физическая характеристика 2 т.
Заглавие История военного искусства
Номер тома Т. 1
801 #0 - ИСТОЧНИК ЗАПИСИ
Страна Российская Федерация
Организация NLR
Правила каталогизации psbo
801 #1 - ИСТОЧНИК ЗАПИСИ
Страна Российская Федерация
Организация ELAR
Источник данных rusmarc
852 ## - МЕСТОНАХОЖДЕНИЕ И ШИФР ХРАНЕНИЯ
Идентификатор организации NLR
Шифр хранения (Call Number) 63-5/4814
942 ## - ДОПОЛНИТЕЛЬНЫЕ ЭЛЕМЕНТЫ ЗАПИСИ (АБИС)
Тип экземпляра АБИС Книга
980 ## - КОЛЛЕКЦИЯ
Название коллекции Национальная библиография
Экземпляры
Тип экземпляра Дата поступления Библиотека постоянного хранения Библиотека текущего хранения Место хранения Шифр хранения Штрих-код Статус экземпляра Стоимость
Книга 26.10.2013 РНБ (Московский) РНБ (Московский) Русский книжный фонд: издания с 1957 года 63-5/4814 1-1968898    
Книга 15.07.2014 РНБ (Московский) РНБ (Московский) Фонд общего зала социально-экономической литературы С1 Ц35(0)/И-907 1-598872   1.50
Книга 20.05.2022 РНБ (Московский) РНБ (Московский) Обменный фонд   1-3342324   400.00